Tekst piosenki ''Makumba'' - Statystyki

Ogólne statystyki
  • Ten quiz został rozwiązany 1 439 razy
  • Średni wynik to 25 z 33
Statystyki odpowiedzi
Tekst: Brakujące Słowa: % Poprawnych
Mój ojciec - Makumba - być ... wioski Królem
98%
Skinheadzi mi tu jednak ... nie dają Żyć
95%
Ja mieszkać w ..., przyjechać do Polski Afryka
94%
... , ... , ... ska Makumba
94%
... , ... , ... ska Makumba
94%
... , ... , ... ska Makumba
94%
... , ... , ... ska Makumba
94%
... , ... , ... ska Makumba
94%
... , ... , ... ska Makumba
94%
... - Afryka, Afryka - ... Polska
94%
... - Afryka, Afryka - ... Polska
94%
... - Afryka, Afryka - ... Polska
94%
I nikt tu nie lubić czarny ... Człowiek
87%
Lecz poznać dziewczyna, co ma piękne ... Nogi
84%
My szybko wziąć ... i mieć dużo dzieci Ślub
84%
Polacy ... - każdy to powie Rasiści
81%
"... jedyny, Makumbę zachowaj" Boże
77%
Żeby ... w waszym pięknym kraju Studiować
75%
I tak się Makumba zakochać w ... Helenie
74%
Hela się cieszyć z naszego ... Mieszkania
69%
Ona się ciągle ... do Boga: Modlić
67%
Ja ciągle studiować i ... do rana Uczyć
67%
Ja mieszkać tu długo i nie wiedzieć ... Czemu
64%
Ja kończyć studia i robić ... Kariera
62%
... z Afryka przysyłać prezenty Rodzice
61%
Nie chcą mnie ... do KPN-u Przyjąć
60%
I dostać raz w zęby, gdy iść po ... Ulicach
60%
Polska ... się o mnie martwić Teściowa
59%
Ja dużo ... i wiele potrafić Pracować
50%
Ja uczyć się ... waszego języka Ciężko
47%
Ja pałać ... i pałać szalenie Uczuciem
45%
Ja ... uciekać, szykować do drogi Chcieć
41%
My mieć ... i bulteriera Samochód
41%
Nie znaleziono quizów pasujących do podanych kryteriów
Rozkład punktacji
Procent ludzi z każdym wynikiem
Percentyl według liczby udzielonych odpowiedzi
Twoja historia wyników
Nie rozwiązałeś tego quizu